| 000 | 01359nam a22003137a 4500 | ||
|---|---|---|---|
| 001 | ENG-90580 | ||
| 005 | 20040621203124.0 | ||
| 006 | a|||||r|||||00| 0 | ||
| 008 | 080723t xxu||||| |||| 00| 0 eng d | ||
| 010 | _aENG-90580 | ||
| 020 |
_a0070621004 _c300.00 |
||
| 035 | _aEN-74113 | ||
| 037 | _bDBAD / PUB | ||
| 040 |
_aDPL _bEN |
||
| 082 | _a332.632044 | ||
| 100 | _aDun & Bradstreet | ||
| 245 |
_aFixed income securities / _cby Dun & Bradstreet |
||
| 260 |
_aNew Delhi _bTata McGraw-Hill Publishing _cc2008 |
||
| 300 |
_aix, 172 p. : _bill. ; _c22 cm.(Hb) |
||
| 490 | _aDun & Bradstreet-McGraw-Hill professional: finance essentials series | ||
| 500 | _aIncludes bibliographical references and index. | ||
| 650 | _aFixed-income securities. | ||
| 856 | _uhttp://www.loc.gov/catdir/bios/wiley044/2002278936.html | ||
| 856 | _uhttp://www.loc.gov/catdir/description/wiley037/2002278936.html | ||
| 856 | _uhttp://www.loc.gov/catdir/toc/wiley022/2002278936.html | ||
| 942 |
_2ddc _cEN _h332.632044 _mDUN |
||
| 999 |
_c14556 _d14556 |
||